000 00434pab a2200157 454500
008 180718b1983 xxu||||| |||| 00| 0 eng d
100 _aBrennan, Geoffre
245 _aGovernment expenditure growth and resource allocation
_bThe nebulous connection
260 _c1983
300 _a351-65
362 _aNov.
650 _aExpenditures, Government
700 _aJonathan J. Pincus
773 _aOxford Economic papers
909 _a7928
999 _c7928
_d7928